000 05599nab a2200337 i 4500
003 BR-BrBNA
005 20231206133754.0
008 231206b2018 bl.qr|pooa||| 00| 0 por |
040 _aBR-BrBNA
_bpor
072 _aF62
072 _aK10
100 _aLucchese, Júlio Rieger
100 _aBovolini, Marciéli Pitorini
100 _aHilgert, Marcio Alberto
100 _aBrose, Carolina Brito
100 _aAvrella, Eduarda Demari
100 _aLazarotto, Marília
245 _aEstresse salino e hídrico na germinação e crescimento inicial de plântulas de Toona ciliata M. Roem. var. australis
500 _aPublicação on-line; 23 ref.; 2 illus.; Summaries (En, Pt)
520 _a RESUMO A espécie florestal Toona ciliata var. australis possui madeira de alto valor econômico para móveis e seus plantios não são afetados pela Hypsipyla grandella, praga que ataca plantios de monocultura de espécies nativas semelhantes à Toona ciliata. Possui uma estreita relação com a água disponível, ocorrendo geralmente em florestas úmidas no seu ambiente natural. Em plantios comerciais, esse é um dos fatores que mais limita seu estabelecimento e crescimento inicial. Nas últimas décadas, sua área de plantio no Brasil foi ampliada, entretanto, é escasso o conhecimento sobre o efeito de ambientes adversos na germinação e crescimento inicial de plântulas. O objetivo deste trabalho foi avaliar os efeitos do estresse salino e hídrico na germinação e crescimento inicial de plântulas de Toona ciliata, utilizando-se soluções contendo, ou NaCl, ou PEG 6000, nos potenciais osmóticos: -0,1; -0,2; -0,3; -0,4; -0,5; -0,6; -0,9; -1,2 e -1,5 MPa, mais a testemunha, com água esterilizada. As sementes foram submetidas ao teste de germinação sobre papel-germitest umedecido com a solução correspondente, e incubadas a 25 ± 2°C e fotoperíodo de 16 h por 21 dias. O delineamento experimental foi o inteiramente casualizado, arranjado em esquema fatorial 2 × 10 (agentes osmóticos × potenciais osmóticos), com quatro repetições de 50 sementes cada. Conforme a redução do potencial osmótico observou-se menor germinação, número de plântulas normais, massa fresca, comprimento de plântula e maior número de sementes duras, sendo mais severo em PEG 6000. Portanto, houve mais sementes germinadas sob o efeito do NaCl do que do PEG 6000. Entretanto, apesar da germinação alta em NaCl, o número de plântulas anormais também foi maior que em PEG 6000. Concluise que a germinação e o crescimento inicial de plântulas de Toona ciliata são afetados tanto pelo estresse salino como hídrico, sendo as plântulas mais sensíveis ao estresse hídrico, e com maior probabilidade de desenvolver plântulas anormais sob estresse salino. Palavras-chave: cedro-australiano; PEG 6000; NaCl.
520 _a ABSTRACT The Toona ciliata var. australis is a tree species which yields a very high-quality timber for furniture and is unaffected by Hypsipyla grandella, a pest that attacks monoculture plantations of native species similar to Toona ciliata. It has a close relationship with water availability, occurring mainly in humid forest in its natural habitat. In commercial plantations this is an important limitation to the establishment and initial growing of Toona ciliata. In the last decades, the use of Toona ciliata in commercial plantations has increased in Brazil, however, there is little knowledge about the effect of adverse environments on seed germination and early seedling growth. This study aimed to evaluate the effects of water and saline stress on germination and early seedlings growth of Toona ciliata. Osmotic solutions were prepared with, or NaCl, or PEG 6000, in the following osmotic potentials: -0.1; -0.2; -0.3; -0.4; -0.5; -0.6; -0.9; -1.2 and -1.5 MPa. For the control treatment, it was only used sterile water. The seeds were submitted to the germination test in which the germitest paper was moistened with the relative osmotic solution. The incubation was realized in a germination chamber at 25 ± 2 °C with 16 h light of photoperiod. The experimental design was completely randomized, arranged in a factorial design 2 × 10 (osmotic agent × osmotic potential and control), with four repetitions of 50 seeds each. With the reduction on the osmotic potential was observed lower germination, number of normal seedlings, fresh weight, seedling length and higher number of hard seeds, being the effect of PEG 6000 more severe. The germination and number of abnormal seedlings was higher under NaCl effect than PEG 6000. It can be concluded that germination and early seedling growth of Toona ciliata are affected by both saline and water stress, being more sensitive under water stress and with higher probability of developing abnormal seedlings under saline stress. Keywords: Australian red cedar; PEG 6000; NaCl.
650 _aTOONA CILIATA
650 _aCEDRO AUSTRALIANO
650 _aCLORETO DE SÓDIO
650 _aGERMINAÇÃO
650 _aCRESCIMENTO
773 0 _04065
_9198128
_dSanta Maria-RS Universidade Federal de Santa Maria - Centro de Pesquisas Florestais.Departamento de Ciências Florestais. Programa de Pós-Graduação em Engenharia Florestal 1991
_o2023-437009
_tCiência Florestal (Brazil)
_x0103-9954; 1980-5098 (on-line)
_gv. 28(1) p. 141-149; (Jan-Mar 2018)
_wBR2023001429
856 _uhttps://www.scielo.br/j/cflo/a/pw5ZN55hYQGf4XYb34q3xgL/?format=pdf&lang=pt
942 _cAnalítica
999 _c259860
_d259860